Los picotes en Aldeavieja 2 : expresión dinámica : (orientaciones y sugerencias)

Gespeichert in:
Bibliographische Detailangaben
1. Verfasser: Pelegrín, Ana
Weitere Verfasser: Batato, Katheleen
Format: Buch
Sprache:Spanisch
Erschienen: Zaragoza : Luis Vives, D.L. 1972
Katalog:MANES:  Suchergebnis im Bibliothekskatalog
Schulbuchspezifische Eigenschaften:
Schriftenreihe:Juguemos con los Picotes. Guía del Profesor ; 2
Schlagworte:
Tags: Tag hinzufügen
Keine Tags, Fügen Sie den ersten Tag hinzu!
Hinzugefügt zu:31.05.2000
Geändert in:07.05.2025

MARC

LEADER 00000cam a2200000 i 4500
005 20250507134357.0
008 000601s1972 espao fp 000 0 spa d
040 |a uned  |b spa  |c entro-manes 
100 1 |a Pelegrín, Ana  |9 37028 
245 1 4 |a Los picotes en Aldeavieja 2 :   |b expresión dinámica : (orientaciones y sugerencias) /   |c Ana María Pelegrín, Kathelen (sic) Batato 
260 |a Zaragoza :   |b Luis Vives,   |c D.L. 1972 
300 |a 56 p. :   |b il. 
490 0 |a Juguemos con los Picotes. Guía del Profesor ;   |v 2 
546 |a España 
561 |5 es-BUNED  |3 L.T.M. 0941  |a España. Fondo Manes UNED  |k MANES 
650 7 |a Expresion corporal  |9 37029  |a Juegos educativos  |9 37030  |a Dramatización (método de enseñanza)  |9 37031  |a Manual del docente  |9 36315 
691 0 |a PRI 
700 1 |a Batato, Katheleen  |9 37032 
942 |2 ddc  |c BK 
999 |c 93021  |d 93021 
999 |c manes:93021  |d 93021